000 00623nam a2200217 a 4500
001 59252
003 BD-RjUL
005 20211209080717.0
008 161222s1976 ne ad||| |||| 000 0 eng d
020 _a0444413693
035 _a(BD-RjUL)59376
040 _aBD-RjUL
_beng
_cBD-RjUL
041 _aeng
082 _223
_a330.03
_bMOE 1976
100 _aMoffat, Donald W.
_9176602
245 1 0 _aEconomics Dictionary /
_cDonald W. Moffat
260 _aAmsterdam :
_bElsevier Scientific Publishing Company,
_c1976.
300 _axiii, 301 p. :
_bill ;
_c23 cm.
650 _aEconomics
_vDictionaries
_9176603
942 _2ddc
_cREF
999 _c59252
_d59252